Statistics for Genshin Impact Playable Characters by Weapon

Click here to take the quiz!

General Stats

  • This quiz has been taken 1,064 times
    (27 since last reset)
  • The average score is 54 of 83

Answer Stats

HintAnswer% Correct
ClaymoreChongyun
86%
ClaymoreKaveh
86%
BowLyney
86%
CatalystNeuvillette
86%
PolearmZhongli
86%
BowAmber
82%
SwordJean
82%
CatalystNingguang
82%
PolearmRaiden Shogun
82%
BowTighnari
82%
BowVenti
82%
SwordAlhaitham
77%
PolearmCyno
77%
SwordFurina
77%
BowGanyu
77%
BowGorou
77%
SwordKaeya
77%
CatalystKlee
77%
PolearmXiao
77%
SwordXingqiu
77%
PolearmYaoyao
77%
BowYoimiya
77%
ClaymoreBeidou
73%
ClaymoreDiluc
73%
BowDiona
73%
PolearmHu Tao
73%
SwordKamisato Ayaka
73%
SwordKamisato Ayato
73%
SwordLynette
73%
BowTartaglia
73%
CatalystYae Miko
73%
ClaymoreArataki Itto
68%
BowCollei
68%
ClaymoreFreminet
68%
CatalystLisa
68%
ClaymoreSayu
68%
PolearmShenhe
68%
PolearmThoma
68%
PolearmXiangling
68%
PolearmYun Jin
68%
SwordAlbedo
64%
CatalystBaizhu
64%
Upcoming Sword CharacterClorinde
64%
BowFaruzan
64%
BowFischl
64%
SwordKaedehara Kazuha
64%
SwordKeqing
64%
BowKujou Sara
64%
SwordKuki Shinobu
64%
SwordQiqi
64%
CatalystSangonomiya Kokomi
64%
ClaymoreXinyan
64%
CatalystYanfei
64%
BowYelan
64%
PolearmCandace
59%
PolearmChevreuse
59%
SwordChiori
59%
ClaymoreDehya
59%
ClaymoreEula
59%
CatalystMona
59%
CatalystNahida
59%
ClaymoreNoelle
59%
ClaymoreRazor
59%
CatalystWanderer
59%
PolearmArlecchino
55%
CatalystBarbara
55%
SwordBennett
55%
CatalystShikanoin Heizou
55%
CatalystSucrose
55%
SwordTraveler
55%
CatalystCharlotte
50%
ClaymoreDori
50%
ClaymoreNavia
50%
PolearmRosaria
50%
CatalystXianyun
50%
SwordLayla
45%
PolearmMika
45%
SwordNilou
45%
Upcoming Bow CharacterSethos
41%
BowAloy
36%
SwordKirara
36%
ClaymoreGaming
32%
CatalystWriothesely
5%

Score Distribution

Percentile by Number Answered

Percent of People with Each Score

Your Score History

You have not taken this quiz since the last reset